[Event "Eesti klubide mv"]
[Site "Tallinn"]
[Date "2006.03.25"]
[Round "4"]
[White "Ilves, Jüri"]
[Black "Kuusk, Indrek"]
[Result "0-1"]
[WhiteElo "2096"]
[BlackElo "2299"]
[PlyCount "96"]
[EventDate "2006.03.23"]
[EventType "team"]
[EventRounds "7"]
[EventCountry "EST"]
[SourceDate "2006.04.22"]
[WhiteTeam "Paul Kerese MK"]
[BlackTeam "Saaremaa MK"]
[WhiteTeamCountry "EST"]
[BlackTeamCountry "EST"]

1. e4 c5 2. Nf3 d6 3. d4 cxd4 4. Nxd4 Nf6 5. Bd3 Nbd7 6. O-O e6 7. c3 Be7 8.
Qe2 O-O 9. Kh1 Re8 10. Nd2 Bf8 11. b3 e5 12. N4f3 d5 13. Bc2 Nc5 14. h3 Nh5 15.
Nh2 Nf4 16. Qf3 d4 17. Nc4 Ng6 18. Rd1 Ne6 19. Ng4 f6 20. Nce3 Ngf4 21. Nd5 Ng5
22. Qg3 Ne2 23. Qd3 Nxc1 24. Raxc1 Ne6 25. Qg3 Kh8 26. Bd3 Bd7 27. cxd4 exd4
28. e5 Bc6 29. Ndxf6 gxf6 30. Nxf6 Bg7 31. Nxe8 Qxe8 32. Qh4 h6 33. f4 Qf7 34.
Rf1 Re8 35. f5 Ng5 36. f6 Bf8 37. Rf5 Qg6 38. Qg3 Qh5 39. Rcf1 Qxh3+ 40. Qxh3
Nxh3 41. Bc4 Ng5 42. Rxg5 hxg5 43. e6 b5 44. Bd3 Rxe6 45. Bg6 Be8 46. Bd3 Re3
47. Bf5 Bb4 48. Kh2 Bd6+ 0-1

[Event "Eesti klubide mv"]
[Site "Tallinn"]
[Date "2006.03.25"]
[Round "4"]
[White "Schults, Olev"]
[Black "Teemäe, Leo"]
[Result "1/2-1/2"]
[WhiteElo "2280"]
[BlackElo "2089"]
[PlyCount "33"]
[EventDate "2006.03.23"]
[EventType "team"]
[EventRounds "7"]
[EventCountry "EST"]
[SourceDate "2006.04.22"]
[WhiteTeam "Saaremaa MK"]
[BlackTeam "Paul Kerese MK"]
[WhiteTeamCountry "EST"]
[BlackTeamCountry "EST"]

1. e4 e5 2. Nf3 Nf6 3. Nxe5 d6 4. Nf3 Nxe4 5. Nc3 Nxc3 6. dxc3 Be7 7. Bd3 Nc6
8. Bf4 Bg4 9. h3 Bh5 10. g4 Bg6 11. Qd2 Bxd3 12. cxd3 Qd7 13. d4 d5 14. O-O-O
O-O-O 15. Ne5 Nxe5 16. dxe5 Qa4 17. Kb1 1/2-1/2

[Event "Eesti klubide mv"]
[Site "Tallinn"]
[Date "2006.03.25"]
[Round "4"]
[White "Saraikin, Sergei"]
[Black "Kuusk, Andres"]
[Result "0-1"]
[WhiteElo "2035"]
[BlackElo "2253"]
[PlyCount "60"]
[EventDate "2006.03.23"]
[EventType "team"]
[EventRounds "7"]
[EventCountry "EST"]
[SourceDate "2006.04.22"]
[WhiteTeam "Paul Kerese MK"]
[BlackTeam "Saaremaa MK"]
[WhiteTeamCountry "EST"]
[BlackTeamCountry "EST"]

1. e4 c5 2. Nf3 d6 3. d4 cxd4 4. Nxd4 Nf6 5. Nc3 a6 6. Be2 e6 7. Be3 Be7 8. Qd2
b5 9. Bf3 Nfd7 10. O-O Bb7 11. a3 Qc7 12. Rad1 O-O 13. Be2 Nf6 14. f3 Nbd7 15.
Bd3 Rfd8 16. Qf2 Bf8 17. g4 g6 18. Nde2 d5 19. g5 dxe4 20. fxe4 Ng4 21. Qxf7+
Kh8 22. Bf4 e5 23. Rf3 exf4 24. Nxf4 Nge5 25. Nxg6+ Nxg6 26. Rh3 Qb6+ 27. Kh1
Bg7 28. Qf3 Bxc3 29. bxc3 Nde5 30. Qh5 Qc7 0-1

[Event "Eesti klubide mv"]
[Site "Tallinn"]
[Date "2006.03.25"]
[Round "4"]
[White "Laesson, Tuulikki"]
[Black "Kruusiauk, Hedda"]
[Result "1-0"]
[WhiteElo "2235"]
[BlackElo "2055"]
[PlyCount "87"]
[EventDate "2006.03.23"]
[EventType "team"]
[EventRounds "7"]
[EventCountry "EST"]
[SourceDate "2006.04.22"]
[WhiteTeam "Saaremaa MK"]
[BlackTeam "Paul Kerese MK"]
[WhiteTeamCountry "EST"]
[BlackTeamCountry "EST"]

1. Nf3 d5 2. d4 Nf6 3. g3 e6 4. Bg2 c5 5. O-O cxd4 6. Nxd4 Be7 7. c4 O-O 8.
cxd5 exd5 9. Nc3 Nc6 10. Bf4 Qb6 11. Be3 Rd8 12. Nxc6 Qxc6 13. Rc1 Qe6 14. Nb5
Qd7 15. Nc7 d4 16. Bxd4 Qxd4 17. Qxd4 Rxd4 18. Nxa8 Be6 19. Rfd1 Rxd1+ 20. Rxd1
Bxa2 21. Bxb7 g6 22. Ra1 Bc4 23. Bf3 a6 24. Nc7 Bd6 25. Rc1 Bb5 26. Nxb5 axb5
27. Rc6 Be7 28. e4 h5 29. Rb6 b4 30. e5 Ng4 31. Rb5 Kg7 32. h3 Nh6 33. g4 hxg4
34. hxg4 Ng8 35. Kg2 Nh6 36. b3 Ng8 37. Bd5 Nh6 38. f3 Kf8 39. Rb8+ Kg7 40. Rb7
Kf8 41. Kh3 Ng8 42. f4 Kg7 43. Kg3 Kf8 44. f5 1-0

[Event "Eesti klubide mv"]
[Site "Tallinn"]
[Date "2006.03.25"]
[Round "5"]
[White "Sepp, Olav"]
[Black "Veingold, Aleksander"]
[Result "1/2-1/2"]
[WhiteElo "2487"]
[BlackElo "2505"]
[PlyCount "28"]
[EventDate "2006.03.23"]
[EventType "team"]
[EventRounds "7"]
[EventCountry "EST"]
[SourceDate "2006.04.22"]
[WhiteTeam "Saaremaa MK"]
[BlackTeam "Vabaettur 1"]
[WhiteTeamCountry "EST"]
[BlackTeamCountry "EST"]

1. e4 c5 2. Nf3 d6 3. c3 Nf6 4. Be2 Nbd7 5. d3 b6 6. O-O Bb7 7. Nbd2 e6 8. Re1
Be7 9. Bf1 Ne5 10. d4 Nxf3+ 11. Qxf3 O-O 12. Bd3 cxd4 13. cxd4 Qd7 14. Qe2 Rfd8
1/2-1/2

[Event "Eesti klubide mv"]
[Site "Tallinn"]
[Date "2006.03.25"]
[Round "5"]
[White "Kovaljov, Deniss"]
[Black "Lauk, Ülar"]
[Result "1-0"]
[WhiteElo "2337"]
[BlackElo "2398"]
[PlyCount "73"]
[EventDate "2006.03.23"]
[EventType "team"]
[EventRounds "7"]
[EventCountry "EST"]
[SourceDate "2006.04.22"]
[WhiteTeam "Vabaettur 1"]
[BlackTeam "Saaremaa MK"]
[WhiteTeamCountry "EST"]
[BlackTeamCountry "EST"]

1. d4 Nf6 2. Nf3 d6 3. c3 Bg4 4. Qb3 Qc8 5. Bg5 Nbd7 6. Nbd2 h6 7. Bh4 e6 8. e3
Bf5 9. Be2 Be7 10. h3 c6 11. g4 Bg6 12. Rg1 e5 13. Bg3 exd4 14. cxd4 Ne4 15.
Nxe4 Bxe4 16. Nd2 Nf6 17. f3 Bg6 18. Nc4 Qd7 19. e4 O-O 20. Ne3 Rfe8 21. Nf5
Bxf5 22. gxf5 d5 23. O-O-O dxe4 24. Be5 e3 25. Bc4 Bd8 26. Qxe3 Kh7 27. Qb3 Rf8
28. Rg2 Ne8 29. Rdg1 f6 30. Be6 Qe7 31. Bf4 Bb6 32. Rg6 Bxd4 33. R1g4 Be5 34.
Bxh6 Qc5+ 35. Kb1 Qf2 36. Bc1 Rd8 37. Qb4 1-0

[Event "Eesti klubide mv"]
[Site "Tallinn"]
[Date "2006.03.25"]
[Round "5"]
[White "Kuusk, Indrek"]
[Black "Danilov, Nikolai"]
[Result "0-1"]
[WhiteElo "2299"]
[BlackElo "2315"]
[PlyCount "74"]
[EventDate "2006.03.23"]
[EventType "team"]
[EventRounds "7"]
[EventCountry "EST"]
[SourceDate "2006.04.22"]
[WhiteTeam "Saaremaa MK"]
[BlackTeam "Vabaettur 1"]
[WhiteTeamCountry "EST"]
[BlackTeamCountry "EST"]

1. d4 Nf6 2. c4 e6 3. Nf3 b6 4. a3 Bb7 5. Nc3 d5 6. cxd5 exd5 7. g3 Be7 8. Qa4+
c6 9. Bg2 O-O 10. O-O Nbd7 11. Bf4 c5 12. Rad1 Qc8 13. Bh3 Bc6 14. Qc2 Qb7 15.
Ne5 Nxe5 16. Bxe5 Rad8 17. Bg2 Rfe8 18. Bf3 Nd7 19. Bf4 Nf8 20. dxc5 bxc5 21.
e4 d4 22. Nd5 Ne6 23. Bd2 Qa6 24. Rfe1 d3 25. Qc3 Nd4 26. Nxe7+ Rxe7 27. Re3 c4
28. Qa5 Qxa5 29. Bxa5 Rb8 30. Bg4 Nc2 31. Rf3 Bxe4 32. Rf4 Rxb2 33. Rd2 f5 34.
Bd1 g5 35. Bd8 Rg7 36. Bf6 Rb1 37. Bxg7 Kxg7 0-1

[Event "Eesti klubide mv"]
[Site "Tallinn"]
[Date "2006.03.25"]
[Round "5"]
[White "Krupenski, Juri"]
[Black "Schults, Olev"]
[Result "1-0"]
[WhiteElo "2290"]
[BlackElo "2280"]
[PlyCount "65"]
[EventDate "2006.03.23"]
[EventType "team"]
[EventRounds "7"]
[EventCountry "EST"]
[SourceDate "2006.04.22"]
[WhiteTeam "Vabaettur 1"]
[BlackTeam "Saaremaa MK"]
[WhiteTeamCountry "EST"]
[BlackTeamCountry "EST"]

1. d4 Nf6 2. c4 e6 3. Nf3 Bb4+ 4. Bd2 a5 5. g3 b6 6. Bg2 Bb7 7. O-O O-O 8. Nc3
d6 9. Rc1 Nbd7 10. Bg5 h6 11. Bxf6 Nxf6 12. Na4 d5 13. c5 b5 14. c6 Ba6 15. Nc5
Bxc5 16. Rxc5 Ne4 17. Rc2 b4 18. Ne5 Re8 19. Bxe4 dxe4 20. Rc5 Qd6 21. Qc2 f6
22. Nd7 b3 23. Qxe4 bxa2 24. Nxf6+ gxf6 25. Qg6+ Kf8 26. Qxf6+ Kg8 27. Qg6+ Kf8
28. Qxh6+ Ke7 29. Qh4+ Kf7 30. Qh7+ Kf6 31. Rh5 Rg8 32. Rh6+ Kg5 33. f4+ 1-0

[Event "Eesti klubide mv"]
[Site "Tallinn"]
[Date "2006.03.25"]
[Round "5"]
[White "Kuusk, Andres"]
[Black "Krupenski, Igor"]
[Result "1/2-1/2"]
[WhiteElo "2253"]
[BlackElo "2326"]
[PlyCount "120"]
[EventDate "2006.03.23"]
[EventType "team"]
[EventRounds "7"]
[EventCountry "EST"]
[SourceDate "2006.04.22"]
[WhiteTeam "Saaremaa MK"]
[BlackTeam "Vabaettur 1"]
[WhiteTeamCountry "EST"]
[BlackTeamCountry "EST"]

1. e4 e6 2. d4 d5 3. Nd2 dxe4 4. Nxe4 Nd7 5. Nf3 Ngf6 6. Bd3 Nxe4 7. Bxe4 Nf6
8. Bg5 Be7 9. Bd3 O-O 10. Qe2 c5 11. dxc5 Qa5+ 12. c3 Qxc5 13. O-O h6 14. Bh4
Rd8 15. Rad1 Bd7 16. Rfe1 Ba4 17. Rd2 Qh5 18. Qe5 Qxe5 19. Nxe5 Rd5 20. b3 Be8
21. c4 Ra5 22. Rde2 Rd8 23. Rd1 g5 24. Bg3 Nh5 25. a4 Nxg3 26. hxg3 Kg7 27. Bc2
Rxd1+ 28. Bxd1 Rc5 29. g4 Bf6 30. Nf3 a6 31. Nd2 Be7 32. Re3 Rc7 33. Be2 Rd7
34. Rd3 Kf6 35. Rxd7 Bxd7 36. Nf3 Bc5 37. Kf1 b6 38. Bd3 Bc6 39. Ke2 a5 40. Bc2
Ke7 41. Ne1 Kd6 42. g3 Bd4 43. Bh7 Bc3 44. Nd3 Bd4 45. Ne1 Bd7 46. Be4 f5 47.
gxf5 exf5 48. Bd5 h5 49. Nd3 Be8 50. f4 g4 51. Bb7 Bf6 52. Kf2 h4 53. Kg2 hxg3
54. Kxg3 Bd7 55. Bg2 Bd4 56. Bb7 Be6 57. Bg2 Ke7 58. Bc6 Kf6 59. Bg2 Kg6 60.
Bc6 Bf7 1/2-1/2

[Event "Eesti klubide mv"]
[Site "Tallinn"]
[Date "2006.03.25"]
[Round "5"]
[White "Daulyte, Deimante"]
[Black "Laesson, Tuulikki"]
[Result "0-1"]
[WhiteElo "2244"]
[BlackElo "2235"]
[PlyCount "96"]
[EventDate "2006.03.23"]
[EventType "team"]
[EventRounds "7"]
[EventCountry "EST"]
[SourceDate "2006.04.22"]
[WhiteTeam "Vabaettur 1"]
[BlackTeam "Saaremaa MK"]
[WhiteTeamCountry "EST"]
[BlackTeamCountry "EST"]

1. e4 c5 2. Nf3 d6 3. d4 cxd4 4. Nxd4 Nf6 5. Nc3 g6 6. Be3 Bg7 7. f3 O-O 8. Qd2
Nc6 9. Bc4 Bd7 10. O-O-O Ne5 11. Bb3 Rc8 12. h4 h5 13. Bg5 Nc4 14. Qe2 b5 15.
Ndxb5 Bxb5 16. Nxb5 Nxb2 17. e5 Nxd1 18. exf6 exf6 19. Bd2 a6 20. Rxd1 axb5 21.
g4 f5 22. Bg5 Qa5 23. gxf5 Qa3+ 24. Kd2 Bc3+ 25. Kd3 Rfe8 26. Be7 Be5 27. f4
Rxe7 28. fxe5 Rxe5 29. Qg2 d5 30. fxg6 Qb4 31. gxf7+ Kh7 32. f8=N+ Rxf8 33. Rg1
Qe4+ 34. Qxe4+ dxe4+ 35. Kd4 Rfe8 36. Ke3 Rf5 37. Rg3 b4 38. Ba4 Re7 39. Bb3
Kh6 40. Bc4 Rc5 41. Kd4 Rc8 42. Bb3 Rd8+ 43. Ke3 Rd1 44. Rh3 Rg1 45. Kf2 Rg4
46. Ke3 Kg6 47. Ke2 Rc7 48. Ke3 Rc3+ 0-1

[Event "Eesti klubide mv"]
[Site "Tallinn"]
[Date "2006.03.25"]
[Round "5"]
[White "Kanep, Meelis"]
[Black "Nei, Mati"]
[Result "1-0"]
[WhiteElo "2528"]
[BlackElo "2293"]
[PlyCount "61"]
[EventDate "2006.03.23"]
[EventType "team"]
[EventRounds "7"]
[EventCountry "EST"]
[SourceDate "2006.04.22"]
[WhiteTeam "Viljandi MS"]
[BlackTeam "Paul Kerese MK"]
[WhiteTeamCountry "EST"]
[BlackTeamCountry "EST"]

1. d4 d5 2. c4 e6 3. Nc3 c6 4. e4 dxe4 5. Nxe4 Bb4+ 6. Bd2 Qxd4 7. Bxb4 Qxe4+
8. Be2 Na6 9. Ba5 Bd7 10. Nf3 Nf6 11. O-O Qf5 12. Bc3 O-O-O 13. Bd3 Qh5 14. b4
c5 15. b5 Nb4 16. Qa4 Kb8 17. Be2 Qf5 18. Be5+ Ka8 19. Bc7 Rc8 20. Qa5 Qc2 21.
Bb6 a6 22. a3 Nc6 23. bxc6 Bxc6 24. Qd2 Qf5 25. Qg5 Qc2 26. Qe3 Nd7 27. Ba5 f6
28. Bd3 Qa4 29. Bc3 e5 30. Rfc1 g6 31. Nd2 1-0

[Event "Eesti klubide mv"]
[Site "Tallinn"]
[Date "2006.03.25"]
[Round "5"]
[White "Garber, Vjacheslav"]
[Black "Kärner, Hillar"]
[Result "0-1"]
[WhiteElo "2170"]
[BlackElo "2297"]
[PlyCount "122"]
[EventDate "2006.03.23"]
[EventType "team"]
[EventRounds "7"]
[EventCountry "EST"]
[SourceDate "2006.04.22"]
[WhiteTeam "Paul Kerese MK"]
[BlackTeam "Viljandi MS"]
[WhiteTeamCountry "EST"]
[BlackTeamCountry "EST"]

1. d4 Nf6 2. Nf3 g6 3. Nc3 Bg7 4. e4 d6 5. h3 O-O 6. Be3 a6 7. a4 a5 8. Qd2 c6
9. Bh6 e5 10. O-O-O Qe7 11. Bxg7 Kxg7 12. dxe5 dxe5 13. Qd6 Qxd6 14. Rxd6 Nbd7
15. Bc4 h6 16. Re1 Re8 17. g4 Nb6 18. Bb3 Nfd7 19. Red1 Nc5 20. Rd8 Nxb3+ 21.
cxb3 Be6 22. Rxa8 Nxa8 23. Kc2 f6 24. Ne1 Nc7 25. Nd3 Na6 26. Ne2 Bf7 27. Kc3
Kf8 28. f3 Rd8 29. Nf2 Rb8 30. Ra1 Ke7 31. Nd3 Rd8 32. Ra3 c5 33. Nf2 Nb4 34.
Ra1 Nc6 35. Nd3 b6 36. f4 Bxb3 37. fxe5 fxe5 38. Nxc5 Bd1 39. Nb7 Bxe2 40. Nxd8
Kxd8 41. Re1 Ba6 42. Rd1+ Nd4 43. b4 axb4+ 44. Kxb4 Bb7 45. Kc3 Bc6 46. Ra1 Kc7
47. a5 bxa5 48. Rxa5 Kd6 49. Kd3 Ne6 50. Ra7 Bd7 51. Ke3 Nf4 52. Ra6+ Ke7 53.
Ra5 Kf6 54. Ra6+ Be6 55. Kf2 Nxh3+ 56. Kg3 Nf4 57. Rc6 Ne2+ 58. Kf2 Nd4 59. Ke3
Kg5 60. Ra6 Bxg4 61. Ra5 Nf3 0-1

[Event "Eesti klubide mv"]
[Site "Tallinn"]
[Date "2006.03.25"]
[Round "5"]
[White "Kanep, Siim"]
[Black "Nikitin, Pjotr"]
[Result "1-0"]
[WhiteElo "2228"]
[BlackElo "2160"]
[PlyCount "92"]
[EventDate "2006.03.23"]
[EventType "team"]
[EventRounds "7"]
[EventCountry "EST"]
[SourceDate "2006.04.22"]
[WhiteTeam "Viljandi MS"]
[BlackTeam "Paul Kerese MK"]
[WhiteTeamCountry "EST"]
[BlackTeamCountry "EST"]

1. d4 d5 2. c4 c6 3. Nf3 e6 4. e3 Bd6 5. Bd3 f5 6. O-O Nf6 7. b3 Qe7 8. a4 a5
9. Ba3 O-O 10. Qc1 Na6 11. Bxd6 Qxd6 12. c5 Qc7 13. Bxa6 bxa6 14. Nbd2 Bd7 15.
Ne5 Rfb8 16. f3 Be8 17. Qc3 Nd7 18. Nd3 Bf7 19. Rab1 Re8 20. f4 Bh5 21. Rb2 Be2
22. Rfb1 Bxd3 23. Qxd3 Reb8 24. b4 axb4 25. Rxb4 a5 26. Rxb8+ Rxb8 27. Rxb8+
Qxb8 28. Qc3 Qb4 29. Qxb4 axb4 30. Kf2 Kf7 31. Ke2 Ke8 32. Kd3 h6 33. Nf3 Kd8
34. Kc2 Nb8 35. Kb3 Na6 36. Ne5 Kc7 37. h4 h5 38. a5 Kb7 39. Nd7 Kc8 40. Nf8
Nc7 41. Kxb4 Na6+ 42. Ka4 Nc7 43. a6 Nxa6 44. Nxe6 g6 45. Nf8 Nc7 46. Nxg6 Nb5
1-0

[Event "Eesti klubide mv"]
[Site "Tallinn"]
[Date "2006.03.25"]
[Round "5"]
[White "Ilves, Jüri"]
[Black "Elmaste, Gert"]
[Result "1-0"]
[WhiteElo "2096"]
[BlackElo "2222"]
[PlyCount "143"]
[EventDate "2006.03.23"]
[EventType "team"]
[EventRounds "7"]
[EventCountry "EST"]
[SourceDate "2006.04.22"]
[WhiteTeam "Paul Kerese MK"]
[BlackTeam "Viljandi MS"]
[WhiteTeamCountry "EST"]
[BlackTeamCountry "EST"]

1. e4 c6 2. d4 d5 3. e5 Bf5 4. Bd3 Bxd3 5. Qxd3 e6 6. Nf3 c5 7. dxc5 Bxc5 8.
O-O Nc6 9. c3 Nge7 10. b4 Bb6 11. Bg5 h6 12. Bh4 Qb8 13. Bxe7 Nxe7 14. Na3 O-O
15. Rad1 Rd8 16. Rfe1 a6 17. Qc2 Qa7 18. Nd4 Rac8 19. Rd3 Bxd4 20. Rxd4 Qxd4
21. cxd4 Rxc2 22. Nxc2 Rc8 23. Re2 Rc4 24. g3 Nc6 25. b5 axb5 26. Rd2 Ra4 27.
a3 Kf8 28. Kf1 Ke8 29. Ke2 Kd7 30. Kd3 Na5 31. Rd1 Nc4 32. Ra1 Kc6 33. Kc3 Kb6
34. Kd3 Na5 35. Rb1 Nc6 36. Rb2 Rc4 37. Rb1 Ka5 38. Ra1 Ka4 39. Rb1 h5 40. h4
f6 41. exf6 gxf6 42. g4 hxg4 43. h5 e5 44. h6 Ne7 45. h7 Ng6 46. Rh1 Rc8 47.
Rh6 Nh8 48. Rxf6 e4+ 49. Kd2 Rc7 50. Rh6 Rf7 51. Ke2 Kb3 52. Ne3 Kxa3 53. Nxg4
b4 54. Ne3 b3 55. Nxd5 b2 56. Nc3 Rc7 57. Nb1+ Ka2 58. Nd2 b1=Q 59. Nxb1 Kxb1
60. Ke3 Kc2 61. d5 Kc3 62. Kxe4 Re7+ 63. Kf5 b5 64. d6 Rf7+ 65. Ke6 Rxf2 66. d7
Re2+ 67. Kd6 Nf7+ 68. Kc7 Rd2 69. Rf6 Nh8 70. Rd6 Rh2 71. d8=Q Rxh7+ 72. Kb6
1-0

[Event "Eesti klubide mv"]
[Site "Tallinn"]
[Date "2006.03.25"]
[Round "5"]
[White "Kuldsepp, Tanel"]
[Black "Teemäe, Leo"]
[Result "1/2-1/2"]
[WhiteElo "2210"]
[BlackElo "2089"]
[PlyCount "104"]
[EventDate "2006.03.23"]
[EventType "team"]
[EventRounds "7"]
[EventCountry "EST"]
[SourceDate "2006.04.22"]
[WhiteTeam "Viljandi MS"]
[BlackTeam "Paul Kerese MK"]
[WhiteTeamCountry "EST"]
[BlackTeamCountry "EST"]

1. d4 Nf6 2. Nf3 e6 3. c4 Bb4+ 4. Bd2 Qe7 5. a3 Bxd2+ 6. Nbxd2 d6 7. g3 O-O 8.
Bg2 e5 9. O-O e4 10. Ng5 e3 11. Nde4 exf2+ 12. Rxf2 Ng4 13. Rf1 f5 14. Qb3 h6
15. c5+ Kh8 16. cxd6 cxd6 17. h3 hxg5 18. hxg4 Nc6 19. d5 Ne5 20. gxf5 Bxf5 21.
Qe3 Bxe4 22. Qxe4 Rxf1+ 23. Rxf1 Rf8 24. Rxf8+ Qxf8 25. Bh3 Qf6 26. Be6 g4 27.
b3 Qh6 28. Qf4 Kh7 29. Bf5+ g6 30. Qxh6+ Kxh6 31. Be6 g5 32. Kf2 Kg6 33. Ke3
Kf6 34. Bc8 b6 35. Kd4 Ke7 36. Kc3 a5 37. b4 Kf6 38. Kb3 Ke7 39. bxa5 bxa5 40.
Ka4 Nc4 41. Bxg4 Kf6 42. Be6 Ke5 43. Kb5 Nxa3+ 44. Kxa5 Nc4+ 45. Kb5 Ne3 46.
Kc6 g4 47. Bc8 Nf1 48. Bxg4 Nxg3 49. Bf3 Nf5 50. Kb5 Ne3 51. Kc6 Nf5 52. Kb5
Ne3 1/2-1/2

[Event "Eesti klubide mv"]
[Site "Tallinn"]
[Date "2006.03.25"]
[Round "5"]
[White "Kruusiauk, Hedda"]
[Black "Vahtra, Tuuli"]
[Result "0-1"]
[WhiteElo "2055"]
[BlackElo "2059"]
[PlyCount "90"]
[EventDate "2006.03.23"]
[EventType "team"]
[EventRounds "7"]
[EventCountry "EST"]
[SourceDate "2006.04.22"]
[WhiteTeam "Paul Kerese MK"]
[BlackTeam "Viljandi MS"]
[WhiteTeamCountry "EST"]
[BlackTeamCountry "EST"]

1. e4 e6 2. d4 d5 3. exd5 exd5 4. c4 Nf6 5. Nf3 Be7 6. cxd5 Nxd5 7. Nc3 O-O 8.
Bc4 Bb4 9. O-O Nxc3 10. bxc3 Bxc3 11. Ba3 Bxa1 12. Bxf8 Qxf8 13. Qxa1 Nc6 14.
Ng5 Nd8 15. Qb1 g6 16. Re1 Bf5 17. Qb3 c6 18. Nxf7 Nxf7 19. Qxb7 Rd8 20. Re7
Rxd4 21. Bxf7+ Qxf7 22. h3 Qf8 23. Qb3+ Rd5 24. Rxa7 Qe8 25. Rb7 Qe1+ 26. Kh2
Qxf2 27. Rb8+ Kf7 28. Qb4 Qc5 29. Rb7+ Ke6 30. Qb3 Qd6+ 31. Kg1 Qe5 32. Qc4
Qd4+ 33. Qxd4 Rxd4 34. Rxh7 Ra4 35. Kf2 Rxa2+ 36. Kf3 Kd5 37. g4 Be4+ 38. Kf4
Rf2+ 39. Kg5 c5 40. h4 c4 41. Rc7 Kd4 42. h5 gxh5 43. gxh5 c3 44. Rd7+ Ke3 45.
h6 c2 0-1

[Event "Eesti klubide mv"]
[Site "Tallinn"]
[Date "2006.03.25"]
[Round "5"]
[White "Malinin, Juri"]
[Black "Vovk, Ilja"]
[Result "1-0"]
[WhiteElo "2358"]
[BlackElo "2265"]
[PlyCount "150"]
[EventDate "2006.03.23"]
[EventType "team"]
[EventRounds "7"]
[EventCountry "EST"]
[SourceDate "2006.04.22"]
[WhiteTeam "Narva Maletäht"]
[BlackTeam "Vabaettur 2"]
[WhiteTeamCountry "EST"]
[BlackTeamCountry "EST"]

1. d4 d5 2. c4 dxc4 3. Nf3 c5 4. e3 e6 5. Bxc4 Nf6 6. Qe2 a6 7. dxc5 Bxc5 8. e4
b5 9. Bb3 Bb7 10. e5 Ng4 11. O-O Nd7 12. Bf4 Bxf3 13. gxf3 Nh6 14. Nc3 Nf5 15.
Ne4 O-O 16. Rfd1 Bb6 17. Nd6 Nd4 18. Rxd4 Bxd4 19. Rd1 Bb6 20. Bc2 Qh4 21. Bg3
Qh5 22. b4 Bd8 23. Qe4 Ra7 24. Nb7 Rxb7 25. Qxb7 Nxe5 26. Kg2 Bf6 27. Rd6 Nc4
28. Rxa6 g6 29. Be4 Bc3 30. Bc6 Rd8 31. Ra8 Rxa8 32. Qxa8+ Kg7 33. a4 bxa4 34.
Qxa4 Nb6 35. Qd1 e5 36. Qd8 Bd4 37. f4 Nc4 38. Bf3 Qf5 39. fxe5 Bxe5 40. Qd5
Bxg3 41. Qxf5 gxf5 42. hxg3 Kf6 43. Be2 Nb6 44. Kf3 Ke5 45. b5 f6 46. Bd3 Nd5
47. Bc4 Nb6 48. Bf7 Nc8 49. Ke3 f4+ 50. gxf4+ Kf5 51. Bd5 h5 52. Be4+ Ke6 53.
Kf3 Kf7 54. Kg3 Kg7 55. Kh4 Kf7 56. Kxh5 Ke6 57. Kg6 Ne7+ 58. Kg7 Nc8 59. Kf8
Nd6 60. Bd3 Nc8 61. Ke8 Nb6 62. f5+ Kd6 63. Kf7 Nd7 64. Bf1 Ke5 65. Ke7 Nb6 66.
Bd3 Nd5+ 67. Kd7 Nb4 68. Bc4 Kd4 69. Be2 Kc5 70. Ke6 Nd5 71. Bf1 Kd4 72. Kd6
Nb6 73. Kc6 Nd5 74. b6 Nb4+ 75. Kd6 Ke4 1-0

[Event "Eesti klubide mv"]
[Site "Tallinn"]
[Date "2006.03.25"]
[Round "5"]
[White "Vassiljev, Igor"]
[Black "Sõskov, Vjacheslav"]
[Result "1/2-1/2"]
[WhiteElo "2269"]
[BlackElo "2239"]
[PlyCount "64"]
[EventDate "2006.03.23"]
[EventType "team"]
[EventRounds "7"]
[EventCountry "EST"]
[SourceDate "2006.04.22"]
[WhiteTeam "Vabaettur 2"]
[BlackTeam "Narva Maletäht"]
[WhiteTeamCountry "EST"]
[BlackTeamCountry "EST"]

1. c4 c5 2. Nf3 Nf6 3. g3 b6 4. Bg2 Bb7 5. O-O e6 6. b3 Be7 7. Bb2 O-O 8. Nc3
a6 9. e3 Nc6 10. Qe2 Rc8 11. Rac1 d5 12. cxd5 exd5 13. d4 cxd4 14. Nxd4 Nxd4
15. exd4 Re8 16. Qd3 Bb4 17. a3 Bf8 18. Rfe1 Qd7 19. Re2 Ne4 20. Rce1 Nxc3 21.
Rxe8 Rxe8 22. Qxc3 Rxe1+ 23. Qxe1 Qf5 24. Qc3 Qb1+ 25. Bf1 Bc8 26. Qxc8 Qxb2
27. Qxa6 Qxd4 28. b4 g6 29. Qd3 Bg7 30. Qxd4 Bxd4 31. Bg2 Bb2 32. Bxd5 Bxa3
1/2-1/2

[Event "Eesti klubide mv"]
[Site "Tallinn"]
[Date "2006.03.25"]
[Round "5"]
[White "Zhavoronkov, Vladimir"]
[Black "Karjakin, Sergei"]
[Result "1/2-1/2"]
[WhiteElo "2366"]
[BlackElo "2203"]
[PlyCount "27"]
[EventDate "2006.03.23"]
[EventType "team"]
[EventRounds "7"]
[EventCountry "EST"]
[SourceDate "2006.04.22"]
[WhiteTeam "Narva Maletäht"]
[BlackTeam "Vabaettur 2"]
[WhiteTeamCountry "EST"]
[BlackTeamCountry "EST"]

1. e4 c5 2. Nf3 d6 3. d4 cxd4 4. Nxd4 Nf6 5. f3 e5 6. Bb5+ Nbd7 7. Nf5 d5 8.
exd5 a6 9. Bxd7+ Bxd7 10. Ne3 Bc5 11. c4 Nh5 12. g3 O-O 13. Nc3 f5 14. Nc2
1/2-1/2

[Event "Eesti klubide mv"]
[Site "Tallinn"]
[Date "2006.03.25"]
[Round "5"]
[White "Dubrovin, Robert"]
[Black "Jezhov, Roman"]
[Result "1/2-1/2"]
[WhiteElo "2203"]
[BlackElo "2108"]
[PlyCount "25"]
[EventDate "2006.03.23"]
[EventType "team"]
[EventRounds "7"]
[EventCountry "EST"]
[SourceDate "2006.04.22"]
[WhiteTeam "Vabaettur 2"]
[BlackTeam "Narva Maletäht"]
[WhiteTeamCountry "EST"]
[BlackTeamCountry "EST"]

1. e4 e5 2. Nf3 Nc6 3. Bc4 Nf6 4. d3 Bc5 5. O-O O-O 6. c3 d6 7. h3 Be6 8. Bxe6
fxe6 9. d4 exd4 10. cxd4 Bb6 11. d5 exd5 12. exd5 Ne5 13. Nd4 1/2-1/2